Normal view
MARC view
Entry Personal Name
001 - CONTROL NUMBER
- control field: 249501
003 - CONTROL NUMBER IDENTIFIER
- control field: OSt
005 - DATE AND TIME OF LATEST TRANSACTION
- control field: 20251219100211.0
008 - FIXED-LENGTH DATA ELEMENTS
- fixed length control field: 251219|| aca||aabn | a|a d
040 ## - CATALOGING SOURCE
- Original cataloging agency: OSt
- Transcribing agency: OSt
100 ## - HEADING--PERSONAL NAME
- Personal name: FAKIR MUHAMMAD KATPADI
- Dates associated with a name: ಫಕೀರ್ ಮುಹಮ್ಮದ್ ಕಟ್ಪಾಡಿ
670 ## - SOURCE DATA FOUND
- Source citation: Work cat.: (OSt)149671: FAKIR MUHAMMAD KATPADI ಫಕೀರ್ ಮುಹಮ್ಮದ್ ಕಟ್ಪಾಡಿ , Pachcha kudure: kathegalu, 2012